[Event "Albena"]
[Site "Albena"]
[Date "1986.??.??"]
[Round "?"]
[White "Kolev, Atanas"]
[Black "Genov, Petko"]
[Result "0-1"]
[WhiteElo "2350"]
[BlackElo "2395"]

1.d4 Nf6 2.c4 e6 3.Nf3 Bb4+ 4.Bd2 c5 5.Bxb4 cxb4 6.Nbd2 O-O 7.e4 d6 8.Bd3 e5
9.O-O Qe7 10.Re1 Bg4 11.Qc2 Rc8 12.Bf1 Nc6 13.d5 Nd8 14.a3 Bxf3 15.Nxf3 bxa3
16.Rxa3 a5 17.Qd2 b6 18.Nh4 g6 19.Rg3 Kh8 20.Qg5 Ng8 21.Qg4 Nb7 22.Rb3 Qc7
23.Rh3 Nc5 24.f4 Nf6 25.Qf3 Qe7 26.g3 Kg8 27.Ng2 exf4 28.e5 dxe5 29.gxf4 e4
30.Qg3 Ne8 31.Ne3 Nd6 32.f5 Re8 33.Re2 Qe5 34.Qh4 Nxf5 35.Qxh7+ Kf8 36.Nxf5 gxf5
37.Rg2 Ke7 38.Rh6 Rh8 39.d6+ Qxd6 40.Qxf7+ Kxf7 41.Rxd6 Rhb8 42.Rd5 Kf6 43.Rf2 Rg8+
44.Kh1 Rg5 45.Be2 Ne6 46.h4 Rh8 47.Rh2 Rg3 48.Rd6 Rhg8 49.Rd1 f4 50.Rf1 f3
51.Bd1 Nf4 52.h5 Rg2 53.h6 Rxh2+ 54.Kxh2 Rg2+ 55.Kh1 Ne2 56.Bxe2 Rxe2 57.Rg1 f2
58.Rf1 Kg6 59.Kg2 e3  0-1

[Event "Asousados"]
[Site "Asousados"]
[Date "1986.??.??"]
[Round "?"]
[White "Matamoros Franco, Carlos S"]
[Black "Juarez"]
[Result "0-1"]
[WhiteElo "2300"]
[BlackElo "2300"]

1.d4 Nf6 2.c4 e6 3.Nf3 Bb4+ 4.Bd2 Qe7 5.g3 b6 6.Bg2 Bb7 7.O-O Bxd2 8.Qxd2 d6
9.Nc3 Ne4 10.Nxe4 Bxe4 11.d5 e5 12.Nh4 Bxg2 13.Kxg2 g6 14.e4 O-O 15.Rae1 Nd7
16.Qh6 Rae8 17.Kh1 f6 18.g4 Nc5 19.Re3 Qg7 20.Qxg7+ Kxg7 21.Kg2 a5 22.b3 Rb8
23.a4 Rh8 24.Rg1 Rbg8 25.Kf1 Kf7 26.Ke2 g5 27.Nf5 h5 28.gxh5 Rxh5 29.Rg2 Kf8
30.h3 g4 31.hxg4 Rh1 32.Kd2 Ra1 33.Kc2 Rh8 34.Ng3 Rh3 35.Kb2 Rd1 36.Rf3 Nxe4
37.Rf5 Rd2+ 38.Kc1 Rxf2 39.Rgxf2 Nxf2 40.Rxf2 Rxg3 41.Rxf6+ Ke7 42.Re6+ Kd7
43.Kc2 Rxg4 44.Rh6 Rg7 45.Rh8 c6 46.Ra8 Rg2+ 47.Kd3 cxd5 48.cxd5 Rg4 49.Ra7+ Kc8
50.Rh7 Rd4+ 51.Ke3 Rxd5 52.Ke4 Rc5 53.Kf5 Rc7 54.Rh6 Kd7 55.Rh7+ Kc6 56.Rh3 Re7
57.Rc3+ Kd7 58.Ke4 Rf7  0-1

[Event "Berlin op"]
[Site "Berlin-West"]
[Date "1986.??.??"]
[Round "?"]
[White "Popov, Luben"]
[Black "Rogers, Ian"]
[Result "0-1"]
[WhiteElo "2415"]
[BlackElo "2515"]

1.d4 Nf6 2.c4 e6 3.Nf3 Bb4+ 4.Bd2 Qe7 5.g3 Nc6 6.Bg2 Bxd2+ 7.Nbxd2 d6 8.O-O a5
9.e4 e5 10.d5 Nb8 11.Ne1 h5 12.Nef3 Nbd7 13.Qc2 h4 14.Qc3 hxg3 15.fxg3 Nc5
16.Rae1 Bd7 17.b3 b5 18.a3 bxc4 19.b4 axb4 20.axb4 Na4 21.Qxc4 O-O 22.Nh4 g6
23.Rf3 Rfb8 24.Ra3 Bb5 25.Qb3 Kg7 26.Rea1 c5 27.dxc6 Qa7+ 28.Kh1 Bxc6 29.Rf1 Qe7
30.Qe3 Nh7 31.Rb1 Ng5 32.Nhf3 Nxf3 33.Bxf3 Qe6 34.Be2 Nb6 35.Rxa8 Bxa8 36.Ra1 d5
37.Ra6 dxe4 38.Kg1 Qd5 39.Nb3 Nc4 40.Qc5 e3 41.Rxa8 Qxa8 42.Qxc4 Qa2 43.b5 Rc8
44.Qd3 Rc2 45.Kf1 Qb1+ 46.Kg2 Qb2 47.Kf3 Rc3  0-1

[Event "JUG-ch"]
[Site "Budva"]
[Date "1986.??.??"]
[Round "?"]
[White "Gligoric, Svetozar"]
[Black "Barlov, Dragan"]
[Result "1/2-1/2"]
[WhiteElo "2520"]
[BlackElo "2550"]

1.d4 Nf6 2.c4 e6 3.Nf3 Bb4+ 4.Bd2 a5 5.g3 d5 6.Qc2 Nc6 7.Bg2 dxc4 8.Qxc4 Qd5
9.Qd3 Qe4 10.Qxe4 Nxe4 11.a3 Bd6 12.Be3 Nf6 13.Nc3 a4 14.O-O Nd5 15.Bd2 Na5
16.e4 Nxc3 17.Bxc3 Nb3 18.Rad1 O-O 19.Rfe1 Bd7 20.d5 exd5 21.Rxd5 Bc6 22.Rdd1 Rfe8
23.e5 Bc5 24.Ng5 Bxg2 25.Kxg2 Be7 26.Ne4 Rad8 27.f4 Nc5 28.Nxc5 Bxc5 29.Kf3 Bf8
30.f5 b5 31.e6 Rxd1 32.exf7+ Kxf7 33.Rxd1 c5 34.Rd7+ Re7 35.Rxe7+ Bxe7 36.Ke4 b4
37.Be5 h5 38.Kd5 bxa3 39.bxa3 c4 40.Kxc4 Bxa3 41.Kb5 Be7 42.Kxa4 g6  1/2-1/2

[Event "Calcutta"]
[Site "Calcutta"]
[Date "1986.??.??"]
[Round "?"]
[White "Razuvaev, Yuri S"]
[Black "Inkiov, Ventzislav"]
[Result "1-0"]
[WhiteElo "2525"]
[BlackElo "2465"]

1.d4 Nf6 2.c4 e6 3.Nf3 Bb4+ 4.Bd2 Qe7 5.g3 Bxd2+ 6.Qxd2 d5 7.Bg2 O-O 8.O-O b6
9.cxd5 exd5 10.Nc3 Bb7 11.Qf4 Na6 12.Nh4 g6 13.Qg5 Qe6 14.f4 Rae8 15.f5 Qe3+
16.Qxe3 Rxe3 17.fxg6 fxg6 18.Rxf6 Rxf6 19.Bxd5+ Bxd5 20.Nxd5 Rfe6 21.Nxe3 Rxe3
22.Kf2 Re4 23.Nf3 Nb4 24.a3 Nd5 25.Rd1 Re3 26.Ne1 g5 27.Rd3 Re6 28.Nf3 h6
29.Ne5 c5 30.Nc4 cxd4 31.Rxd4 Nf6 32.h3 Kf7 33.Kf3 Ke7 34.e4 h5 35.Ne3 Kf7
36.h4 Kg6 37.Nd5 Ng4 38.hxg5 Kxg5 39.Nf4 Ne5+ 40.Kg2 Re8 41.Rd5 Kh6 42.Rd6+ Kg5
43.Nh3+ Kg4 44.Rd5  1-0

[Event "Capablanca mem-A"]
[Site "Cienfuegos"]
[Date "1986.??.??"]
[Round "2"]
[White "Eingorn, Vereslav S"]
[Black "Garcia Gonzales, Guillermo"]
[Result "0-1"]
[WhiteElo "2560"]
[BlackElo "2495"]

1.d4 Nf6 2.Nf3 e6 3.c4 Bb4+ 4.Bd2 a5 5.Qc2 d6 6.Nc3 Nc6 7.a3 Bxc3 8.Bxc3 a4
9.e4 Qe7 10.Bd3 e5 11.d5 Nb8 12.c5 O-O 13.cxd6 cxd6 14.O-O Bd7 15.Nd2 Na6
16.Nc4 b5 17.Nb6 Rab8 18.Nxd7 Nxd7 19.Qe2 Nc7 20.Rad1 Nc5 21.Bb1 N7a6 22.f4 f6
23.Rf3 b4 24.axb4 Nxb4 25.Qc4 Qa7 26.Kh1 Qa6 27.Qxa6 Nbxa6 28.Rdf1 Nd7 29.g3 Nac5
30.R3f2 Rfe8 31.Re2 Rec8 32.Rd1 Nb3 33.Kg2 Kf7 34.Re3 Ndc5 35.Re2 Rb7 36.Ba2 Rcb8
37.Bb1 Ke7 38.Kh3 Rb5 39.Bd3 Nxd3  0-1

[Event "Capablanca mem-A"]
[Site "Cienfuegos"]
[Date "1986.??.??"]
[Round "5"]
[White "Garcia Gonzales, Guillermo"]
[Black "Nogueiras, Jesus"]
[Result "1/2-1/2"]
[WhiteElo "2495"]
[BlackElo "2570"]

1.d4 Nf6 2.c4 e6 3.Nf3 Bb4+ 4.Bd2 Qe7 5.a3 Bxd2+ 6.Qxd2 O-O 7.Nc3 d6 8.e4 e5
9.d5 Nbd7 10.Bd3 Nc5  1/2-1/2

[Event "Capablanca mem-A"]
[Site "Cienfuegos"]
[Date "1986.??.??"]
[Round "5"]
[White "Boensch, Uwe"]
[Black "Armas, Jorge"]
[Result "1-0"]
[WhiteElo "2475"]
[BlackElo "2345"]

1.d4 Nf6 2.c4 e6 3.Nf3 Bb4+ 4.Bd2 Qe7 5.g3 O-O 6.Bg2 Bxd2+ 7.Nbxd2 d5 8.O-O Nbd7
9.Rc1 c6 10.Qb3 Rd8 11.Rfd1 a5 12.a3 a4 13.Qc2 h6 14.e4 dxe4 15.Nxe4 Nxe4
16.Qxe4 Nf6 17.Qc2 Qc7 18.Ne5 Bd7 19.c5 b6 20.cxb6 Qxb6 21.Nxd7 Rxd7 22.Qxc6 Rb8
23.Qxb6 Rxb6 24.Rd2 Nd5 25.Rc5 Rb3 26.Ra5 Nb6 27.Bf1 Rd5 28.Rc5 g5 29.Be2 Kg7
30.Rc7 Kg6 31.Ra7 h5 32.Bd1 Rbb5 33.Bxa4 Nxa4 34.Rxa4 Rb3 35.Rc4 e5 36.Rc3 Rxc3
37.bxc3 exd4 38.cxd4 Kf5 39.f3 Rb5 40.d5  1-0

[Event "Capablanca mem-A"]
[Site "Cienfuegos"]
[Date "1986.??.??"]
[Round "9"]
[White "Eingorn, Vereslav S"]
[Black "Armas, Jorge"]
[Result "1-0"]
[WhiteElo "2560"]
[BlackElo "2345"]

1.d4 Nf6 2.Nf3 e6 3.c4 Bb4+ 4.Bd2 Qe7 5.g3 Bxd2+ 6.Qxd2 O-O 7.Bg2 d6 8.Nc3 e5
9.O-O Re8 10.e4 Bg4 11.Ne1 a5 12.Nc2 Nc6 13.Rfe1 Qd7 14.b3 h6 15.Rac1 exd4
16.Nxd4 Re7 17.f3 Bh3 18.Bxh3 Nxd4 19.Qxd4 Qxh3 20.Nd1 Qh5 21.Kg2 Qe5 22.Qc3 Ne8
23.Ne3 Qxc3 24.Rxc3 g6 25.Nd5 Re5 26.Rce3 Kf8 27.Rf1 c6 28.Nc3 Rd8 29.Rd1 Rc8
30.Red3 Rc7 31.Kf2 Rc8 32.Na4 Rc7 33.R1d2 Ree7 34.c5 dxc5 35.Nxc5 Kg7 36.Nd7 Nf6
37.Nb6 Re5 38.Rd8 Re8 39.Rxe8 Nxe8 40.Nc4 b5 41.Nxa5 c5 42.Ke3 Kf6 43.Rd8 Ke7
44.Rb8 Nd6 45.e5 Nf5+ 46.Ke4 c4 47.bxc4 bxc4 48.Rb7 Rxb7 49.Nxb7 c3 50.Nc5 c2
51.Nb3 h5 52.f4 Kd7 53.Kd3 h4 54.gxh4 Nxh4 55.Kxc2 Ng2 56.Nc5+ Kc6 57.Nd3 Kb5
58.Kd2 Kc4 59.Ke2 Kd4 60.a4 Ne3 61.a5  1-0

[Event "Dortmund op"]
[Site "Dortmund"]
[Date "1986.??.??"]
[Round "2"]
[White "Meister, Peter"]
[Black "Ostermeyer, Peter"]
[Result "1/2-1/2"]
[WhiteElo "2250"]
[BlackElo "2475"]

1.d4 Nf6 2.c4 e6 3.Nf3 Bb4+ 4.Bd2 Qe7 5.g3 Nc6 6.Bg2 Bxd2+ 7.Nbxd2 d6 8.O-O O-O
9.e4 e5 10.d5 Nb8 11.Ne1 a5 12.Nd3 Na6 13.h3 b6 14.Qe2 Nc5 15.Rae1 g6 16.Qe3 Nxd3
17.Qxd3 g5 18.Qe3 Nd7 19.Bf3 Nc5 20.Bg4 f5 21.Bxf5 Bxf5 22.exf5 Rxf5 23.b3  1/2-1/2

[Event "Dortmund op"]
[Site "Dortmund"]
[Date "1986.??.??"]
[Round "4"]
[White "Andruet, Gilles"]
[Black "King, Daniel J"]
[Result "1/2-1/2"]
[WhiteElo "2410"]
[BlackElo "2435"]

1.d4 Nf6 2.c4 e6 3.Nf3 Bb4+ 4.Bd2 a5 5.g3 b6 6.Bg2 Bb7 7.O-O O-O 8.Bf4 Be7
9.Nc3 Ne4 10.Qc2 Nxc3 11.Qxc3 Nc6 12.Qd3 d6 13.e4 Bf6 14.d5 exd5 15.exd5 Nb4
16.Qd2 Bc8 17.Be3 Bf5 18.Nd4 Bxd4 19.Bxd4 Nc2 20.Rac1 Nxd4 21.Qxd4 Qd7 22.Rfe1 Rfe8
23.Qd2 Qa4 24.a3 Qb3 25.Rxe8+ Rxe8 26.Rc3 Qa2 27.Bf1 Qb1 28.Rc1 Qe4 29.b4 axb4
30.axb4 h6 31.h4 Bg4 32.Bd3 Qf3 33.Bf1 Qe4 34.Bd3 Qe5 35.Bf1 Kf8 36.Kh2 g5
37.hxg5 hxg5 38.Kg1 Kg7 39.Rc3 Qf6 40.Re3 Ra8 41.Qc3 Ra1 42.Kg2 Qxc3 43.Rxc3 Kf6
44.Re3 Bh3+ 45.Kxh3 Rxf1 46.Kg2 Rd1 47.Kf3 Rd2 48.Re4 Rd3+ 49.Ke2 Rc3 50.g4  1/2-1/2

[Event "FRA-ch"]
[Site "Epinal"]
[Date "1986.??.??"]
[Round "2"]
[White "Grimberg, Gilbert"]
[Black "Cerisier, Philippe"]
[Result "1-0"]
[WhiteElo "2250"]
[BlackElo "2275"]

1.d4 Nf6 2.c4 e6 3.Nf3 Bb4+ 4.Bd2 c5 5.g3 b6 6.Bg2 Bb7 7.O-O O-O 8.dxc5 Bxc5
9.Nc3 Qc8 10.Rc1 Ne4 11.Nxe4 Bxe4 12.Ne1 Qb7 13.Qc2 Bxg2 14.Nxg2 d5 15.cxd5 Qxd5
16.Nf4 Qb7 17.Nd3 Bd4 18.Qa4 Bf6 19.Bc3 Nd7 20.Bxf6 Nxf6 21.Rc6 Rfd8 22.Rfc1 Ne8
23.Qa3 Rd7 24.Qc3 Rad8 25.b4 a6 26.a4 Rd4 27.Rc8 Kf8 28.Rxd8 Rxd8 29.Qc4 b5
30.Qh4 Nf6 31.Nc5 Qc8 32.a5 h6 33.Qf4 Qc6 34.Nd3 Qd6 35.Rc8 Ke7 36.Rc7+ Rd7
37.Rxd7+ Nxd7 38.Qh4+ Ke8 39.Qe4 Ke7 40.Qb7 Kf6 41.Qc8 Ke7 42.Qb7 Kf6 43.h4 g6
44.h5 g5 45.Qc8 Kg7 46.Qd8 Qc6 47.Qe7 Qd5 48.Qd8 Qc6 49.Kh2 Nf6 50.Qd4 Qc4
51.Qe5 Qg4 52.Kg2 Qxh5 53.Nc5 Qg4 54.Nd7 Qe4+ 55.Qxe4 Nxe4 56.Nb8 Nc3 57.Nxa6 Na2
58.Nc7 Nxb4 59.a6 Nxa6 60.Nxa6 e5 61.g4 Kg6 62.e4 h5 63.gxh5+ Kxh5 64.Kg3 g4
65.Nb4 Kg5 66.Nd5 f6 67.Ne3 b4 68.Nxg4 f5 69.Nxe5 fxe4 70.Nc4 Kf5 71.Nd2 Ke5
72.Kg4 Kd4 73.Kf4  1-0

[Event "FRA-ch"]
[Site "Epinal"]
[Date "1986.??.??"]
[Round "13"]
[White "Andruet, Gilles"]
[Black "Sharif, Mershad"]
[Result "1/2-1/2"]
[WhiteElo "2365"]
[BlackElo "2440"]

1.d4 Nf6 2.c4 e6 3.Nf3 Bb4+ 4.Bd2 Qe7 5.g3 Nc6 6.Bg2 Bxd2+ 7.Nbxd2 d6 8.e4 O-O
9.O-O e5 10.d5 Nb8 11.Ne1 a5 12.Nd3 Na6 13.f4 Ng4 14.Qf3 f6 15.f5 Nh6 16.Qe3 Bd7
17.Bf3 c6 18.Rfc1 c5 19.a4 Nf7 20.Bh5 Nh8 21.Qf3 g6 22.Bg4 Kg7 23.h4 Nf7
24.Kh2 Rg8 25.Rf1 Rae8 26.Rf2 Kh8 27.Nf1 Nh6 28.Ne3 g5 29.hxg5 Rxg5 30.Bh5 Reg8
31.Rg2 Be8 32.Bxe8 Qxe8 33.g4 Nf7 34.Nf2 Nb4 35.b3 R5g7 36.Rh1 Ng5 37.Qe2 Qd8
38.Kg1 Qb6 39.Nf1 Nc2 40.Rg3 Nd4 41.Qd1 Qb4 42.Kg2  1/2-1/2

[Event "Troll Masters"]
[Site "Gausdal"]
[Date "1986.??.??"]
[Round "?"]
[White "De Lange, Daan"]
[Black "Heiberg, T."]
[Result "0-1"]
[WhiteElo "2240"]
[BlackElo "2255"]

1.d4 Nf6 2.Nf3 e6 3.c4 Bb4+ 4.Bd2 a5 5.Nc3 O-O 6.g3 d5 7.cxd5 exd5 8.Bg2 Bf5
9.O-O Nbd7 10.Rc1 c6 11.a3 Be7 12.Nh4 Bg6 13.Nxg6 hxg6 14.Qc2 Re8 15.Rfd1 Nf8
16.Bh3 Bd6 17.Bg5 N8h7 18.Bd2 Ne4 19.Nxe4 Rxe4 20.Qd3 Qf6 21.Be1 Qe7 22.Rc2 a4
23.Bg2 Re6 24.e3 Ng5 25.Rcc1 Ne4 26.Qc2 g5 27.Qe2 f5 28.Bxe4 Rxe4 29.Qh5 Rf8
30.Bb4 Bxb4 31.axb4 Qxb4 32.Qxg5 Qxb2 33.Rb1 Qe2 34.Rdc1 Qa6 35.Ra1 b5 36.Rcb1 Qa5
37.Rc1 Qa8 38.Rc5 b4 39.Rac1 Re6 40.Rxd5 cxd5 41.Rc7 Rf7 42.Rxf7 Kxf7 43.Qxf5+ Rf6  0-1

[Event "Troll Masters"]
[Site "Gausdal"]
[Date "1986.??.??"]
[Round "?"]
[White "Bjerke, Richard"]
[Black "De Lange, Daan"]
[Result "1-0"]
[WhiteElo "2265"]
[BlackElo "2240"]

1.d4 Nf6 2.c4 e6 3.Nf3 Bb4+ 4.Bd2 Qe7 5.g3 b6 6.Bg2 Bb7 7.Nc3 O-O 8.O-O Bxc3
9.Bxc3 Be4 10.Rc1 d6 11.Qa4 Nbd7 12.Rfd1 Rfd8 13.Ne1 Bxg2 14.Nxg2 c5 15.Ne3 cxd4
16.Rxd4 Nc5 17.Qc2 Rac8 18.b4 Ncd7 19.Rcd1 Ne8 20.Qb2 Ndf6 21.a4 a6 22.Qb3 Rd7
23.Bb2 Rb7 24.Qd3 b5 25.cxb5 axb5 26.axb5 d5 27.Rh4 h6 28.Bd4 Nd7 29.Ra1 Nd6
30.Ra5 Nc4 31.Nxc4 dxc4 32.Qc3 f6 33.Bc5 Nxc5 34.Rxc4 Qd7 35.Rxc5 Rd8 36.Qc4 Kh8
37.Ra6 Rdb8 38.Rac6 Kh7 39.Qe4+ Kh8 40.Qc4 Kh7 41.Qe4+  1-0

[Event "ISL-ch"]
[Site "Grundarfjordur"]
[Date "1986.??.??"]
[Round "11"]
[White "Thorsteins, Karl"]
[Black "Arnason, Jon L"]
[Result "1/2-1/2"]
[WhiteElo "2445"]
[BlackElo "2500"]

1.d4 Nf6 2.c4 e6 3.Nf3 Bb4+ 4.Bd2 c5 5.Bxb4 cxb4 6.a3 bxa3 7.Rxa3 O-O 8.Nc3 d6
9.g3 b6 10.Bg2 Bb7 11.O-O Qe7 12.Ne1 Rc8 13.Qd3 Bxg2 14.Nxg2 Nc6 15.e4 e5
16.d5 Nb4  1/2-1/2

[Event "Havana-B"]
[Site "Havana"]
[Date "1986.??.??"]
[Round "?"]
[White "Knezevic, Milorad"]
[Black "Garcia Martinez, Silvino"]
[Result "1/2-1/2"]
[WhiteElo "2425"]
[BlackElo "2455"]

1.d4 Nf6 2.Nf3 e6 3.c4 Bb4+ 4.Bd2 Qe7 5.g3 Nc6 6.Bg2 Bxd2+ 7.Nbxd2 d6 8.O-O a5
9.e4 e5 10.d5 Nb8 11.b3 Bg4 12.a3 c5 13.h3 Bxf3 14.Bxf3 O-O 15.Bg2 g6 16.Qe2 Nfd7  1/2-1/2

[Event "NLD-ch"]
[Site "Hilversum"]
[Date "1986.??.??"]
[Round "3"]
[White "Goldstern, Flip"]
[Black "Ligterink, Gert"]
[Result "0-1"]
[WhiteElo "2310"]
[BlackElo "2470"]

1.d4 Nf6 2.c4 e6 3.Nf3 Bb4+ 4.Bd2 c5 5.Bxb4 cxb4 6.a3 bxa3 7.Rxa3 O-O 8.Nc3 d6
9.e3 Nc6 10.Be2 e5 11.h3 Re8 12.O-O h6 13.Qb1 exd4 14.exd4 d5 15.c5 Ne4 16.Bd3 Ng5
17.Nxg5 Qxg5 18.Nb5 Re7 19.Rd1 Be6 20.Bc2 Qh4 21.b4 a6 22.Qb2 Rae8 23.Nd6 Bg4
24.Rf1 Be2 25.Nf5 Qf6 26.Nxe7+ Rxe7 27.Re1 Nxd4 28.Qc1 Bb5 29.Rxe7 Qxe7 30.Re3 Qg5
31.Bd1 Ne6 32.Qb2 d4 33.Rg3 Qe5 34.Bf3 Nf4 35.Qd2 Bc6 36.Rg4 g5 37.Bxc6 bxc6
38.g3 Ne6 39.f4 Qd5 40.fxg5 hxg5 41.h4 d3 42.hxg5 Qf3 43.Rc4 Qxg3+ 44.Kf1 Qf3+
45.Kg1 Qd5 46.Rc3 Qd4+ 47.Kf1 Nf4 48.Ra3 Qe4 49.Kf2 Qg2+ 50.Ke3 Nd5+  0-1

[Event "Holon op"]
[Site "Holon"]
[Date "1986.??.??"]
[Round "?"]
[White "Kraidman, Yair"]
[Black "Kaganovski, Michael"]
[Result "1/2-1/2"]
[WhiteElo "2445"]
[BlackElo "2300"]

1.d4 Nf6 2.c4 e6 3.Nf3 Bb4+ 4.Bd2 a5 5.e3 O-O 6.Bd3 d5 7.O-O b6 8.a3 Be7
9.Bc3 Ne4 10.Qc2 Bb7 11.Nbd2 f5 12.Ne5 Nd7 13.Ndf3 Bf6 14.Rfd1 Bxe5 15.Nxe5 Nxe5
16.dxe5 Nxc3 17.bxc3 Qe7 18.cxd5 Bxd5 19.c4 Bb7 20.c5 Bd5 21.Rac1 Rad8 22.f4 Kh8
23.cxb6 cxb6 24.Qb2 g5 25.Bf1 Rg8 26.Qxb6 gxf4 27.exf4 Rb8 28.Qxa5 Rb2 29.Rd2 Rxd2
30.Qxd2 Qxa3 31.Rc7 Qf3 32.Rc3 Qe4 33.Rg3 Rxg3 34.hxg3 Qb1 35.Qd3 Qb6+ 36.Kh2 Qf2
37.Qe2 Qd4 38.Qc2 Qa7 39.Bb5 Qb7 40.Bd3 Kg7 41.g4 Qb4 42.Qf2 fxg4 43.f5 Qc3
44.f6+ Kf8 45.Qe3 Qc7 46.Qh6+ Kg8 47.Qh5 Kf8 48.Bxh7 Qc1 49.Qxg4 Qh6+ 50.Qh3 Qf4+
51.Kg1 Qc1+ 52.Kf2 Qf4+ 53.Kg1 Qc1+ 54.Kh2 Qf4+ 55.Qg3 Qh6+ 56.Kg1 Qxh7 57.Qa3+ Kg8
58.Qb4 Qg6 59.Qb8+ Kh7 60.Qa7+ Kh6 61.Qe3+ Kh7 62.Qf2 Qg4  1/2-1/2

[Event "HUN-ch"]
[Site "?"]
[Date "1986.??.??"]
[Round "?"]
[White "Sinkovics, Peter"]
[Black "Utasi, Tamas"]
[Result "1-0"]
[WhiteElo "2415"]
[BlackElo "2440"]

1.d4 Nf6 2.c4 e6 3.Nf3 Bb4+ 4.Bd2 c5 5.Bxb4 cxb4 6.g3 d6 7.Bg2 O-O 8.a3 Qb6
9.O-O bxa3 10.b3 Nc6 11.Rxa3 Nd7 12.Nc3 Qb4 13.Nb5 Nb6 14.Ne1 d5 15.Nc2 Qe7
16.c5 Nd7 17.b4 Nf6 18.Nd6 e5 19.e3 Bg4 20.f3 Bh5 21.b5 Nd8 22.g4 Bg6 23.dxe5 Qxe5
24.f4 Bxc2 25.fxe5 Bxd1 26.exf6 Bxg4 27.Bxd5 Be6 28.e4 gxf6 29.Rg3+ Kh8 30.Rxf6 Rg8
31.c6 bxc6 32.bxc6 Rxg3+ 33.hxg3 Kg7 34.Rf1 Nxc6 35.Bxc6  1-0

[Event "UKR-ch"]
[Site "Kiev"]
[Date "1986.??.??"]
[Round "9"]
[White "Zaid, Leonid D"]
[Black "Gofshtein, Leonid D"]
[Result "1/2-1/2"]
[WhiteElo "2355"]
[BlackElo "2385"]

1.d4 Nf6 2.c4 e6 3.Nf3 Bb4+ 4.Bd2 Bxd2+ 5.Qxd2 O-O 6.Nc3 d5 7.e3 Nbd7 8.Rc1 Qe7
9.Bd3 Rd8 10.O-O dxc4 11.Bxc4 c5 12.Qe2 cxd4 13.Nxd4 Nb6 14.Bb3 e5  1/2-1/2

[Event "URS-ch otbor"]
[Site "Minsk"]
[Date "1986.??.??"]
[Round "?"]
[White "Nenashev, Alexander"]
[Black "Savon, Vladimir A"]
[Result "1/2-1/2"]
[WhiteElo "2420"]
[BlackElo "2445"]

1.d4 Nf6 2.c4 e6 3.Nf3 Bb4+ 4.Bd2 Qe7 5.Nc3 O-O 6.Qc2 d6 7.a3 Bxc3 8.Bxc3 Nbd7
9.e4 e5 10.d5 a5 11.b4 axb4 12.axb4 Rxa1+ 13.Bxa1 c5 14.Bc3 cxb4 15.Bxb4 b6
16.Nd2 Nc5 17.Be2 Ne8 18.O-O f5 19.exf5 Bxf5 20.Qc3 Nf6 21.Qe3 Qd7 22.Ra1 h6
23.h3 Qf7 24.Nb1 Nh5 25.Bxc5 bxc5 26.Bxh5 Qxh5 27.Nc3 Qh4 28.g4 Bg6 29.Ra6 e4
30.Qe2 Rf3 31.Ra8+ Kh7 32.Nxe4 Qxh3 33.Ng5+ hxg5 34.Qe6 Bf7 35.Rh8+ Kxh8
36.Qe8+ Kh7 37.Qg8+  1/2-1/2

[Event "Oakham YM"]
[Site "Oakham"]
[Date "1986.??.??"]
[Round "4"]
[White "Schandorff, Lars"]
[Black "Dawson, Craig R"]
[Result "1/2-1/2"]
[WhiteElo "2335"]
[BlackElo "2275"]

1.d4 Nf6 2.c4 e6 3.Nf3 Bb4+ 4.Bd2 Qe7 5.g3 O-O 6.Bg2 Bxd2+ 7.Qxd2 d6 8.Nc3 e5
9.O-O c6 10.e4 Bg4 11.Ne1 c5 12.d5 Nbd7 13.f3 Bh5 14.Nc2 Ne8 15.Ne3 f6 16.a3 Bg6
17.Bh3 Nc7 18.b4 b6 19.Rfb1 Rfb8 20.Rb2 a5 21.bxc5 Nxc5 22.Rab1 Ra6 23.Bf1 Qd7
24.Bd3 Be8 25.Bc2 Qd8 26.Ned1 Bd7 27.Nf2 Ne8 28.Nd3 Nxd3 29.Bxd3 Ra7 30.Qe3 Rab7
31.f4 Qc7 32.Kg2 Qc5 33.Qxc5 dxc5 34.Rf2 Nd6 35.fxe5 fxe5 36.Rbf1 b5 37.cxb5 c4
38.Bc2 Bxb5 39.Rb1 Be8 40.Rxb7 Rxb7 41.Kf3 Rf7+ 42.Ke3 Rxf2 43.Kxf2 Kf7 44.Ke3 Ke7
45.Nb1 Kf6 46.Nc3 Ke7 47.Bd1 Nb5 48.Nxb5 Bxb5 49.Kd2 Kd6 50.Kc3 Kc5 51.Be2 a4
52.Bf1 Ba6 53.Bh3 Bb5 54.Bc8 Be8 55.Bb7 Bg6 56.d6 Kxd6 57.Kxc4 Be8 58.Kb4 g5
59.Ba6 Bc6 60.Bd3 Be8 61.Bc2 Bc6 62.Bb1 Bd7 63.Bc2 Bc6 64.Bxa4 Bxe4 65.Bb3 h5
66.h4 gxh4 67.gxh4 Bc6 68.Bd1 Be8 69.a4 Bxa4  1/2-1/2

[Event "Oslo"]
[Site "Oslo"]
[Date "1986.??.??"]
[Round "?"]
[White "Ogaard, Leif"]
[Black "Ingbrandt, Johan"]
[Result "1-0"]
[WhiteElo "2430"]
[BlackElo "2365"]

1.d4 Nf6 2.c4 e6 3.Nf3 Bb4+ 4.Bd2 Qe7 5.g3 b6 6.Bg2 Bb7 7.O-O Bxd2 8.Qxd2 O-O
9.Nc3 Ne4 10.Nxe4 Bxe4 11.Qf4 d5 12.cxd5 exd5 13.Rac1 c5 14.dxc5 bxc5 15.Qe5 Qd8
16.Rfd1 Qb6 17.Qc3 Na6 18.Ne5 Bxg2 19.Kxg2 Rad8 20.Nd3 Rfe8 21.Rd2 Re4 22.b3 Rde8
23.Nxc5 Rxe2 24.Rxe2 Rxe2 25.Qf3 Rxa2 26.Qxd5 h6 27.Ne4 Qg6 28.Rc6 Qg4 29.h3  1-0

[Event "Philadelphia"]
[Site "Philadelphia"]
[Date "1986.??.??"]
[Round "?"]
[White "Fedorowicz, John P"]
[Black "Shahade, Michael"]
[Result "1/2-1/2"]
[WhiteElo "2500"]
[BlackElo "2310"]

1.d4 Nf6 2.c4 e6 3.Nf3 Bb4+ 4.Bd2 Qe7 5.g3 Nc6 6.Bg2 O-O 7.O-O Bxd2 8.Nbxd2 d6
9.e4 e5 10.d5 Nb8 11.Ne1 a5 12.Nd3 Nbd7 13.b3 Nc5 14.Nb2 c6 15.a3 cxd5 16.cxd5 Bd7
17.b4 axb4 18.axb4 Na6 19.Qb3 Rac8 20.Rfc1 Rxc1+ 21.Rxc1 Rc8 22.Rxc8+ Bxc8
23.Qc3 Qc7 24.Qxc7 Nxc7 25.Nbc4 Nce8 26.Nb6  1/2-1/2

[Event "Philadelphia"]
[Site "Philadelphia"]
[Date "1986.??.??"]
[Round "?"]
[White "Fedorowicz, John P"]
[Black "Dehmelt, Karl"]
[Result "1/2-1/2"]
[WhiteElo "2500"]
[BlackElo "2355"]

1.d4 Nf6 2.c4 e6 3.Nf3 Bb4+ 4.Bd2 Qe7 5.Nc3 O-O 6.g3 d6 7.Bg2 e5 8.dxe5 dxe5
9.O-O Rd8 10.Qc2 Nc6 11.Bg5 Bxc3 12.Qxc3 h6 13.Bxf6 Qxf6 14.e3 Bf5 15.Nd2 Rd3
16.Qc1 Rad8 17.Ne4 Qe7 18.Qc2 Qb4 19.a3 Qb3 20.Qxb3 Rxb3 21.Nc5 Rxb2 22.Nxb7 Rxb7
23.Bxc6 Rb6 24.Bd5 Kf8 25.Rfc1  1/2-1/2

[Event "FIN-ch"]
[Site "Pori"]
[Date "1986.??.??"]
[Round "?"]
[White "Pirttimaki, Timo"]
[Black "Rantanen, Yrjo A"]
[Result "0-1"]
[WhiteElo "2325"]
[BlackElo "2395"]

1.d4 Nf6 2.Nf3 e6 3.c4 Bb4+ 4.Bd2 a5 5.g3 d5 6.b3 Nc6 7.a3 Be7 8.e3 O-O 9.Nc3 b6
10.Be2 dxc4 11.Bxc4 Bb7 12.O-O Qd6 13.Qe2 Rad8 14.Rfd1 Ba8 15.Bc1 Na7 16.e4 Qc6
17.Ne5 Qb7 18.f3 c5 19.dxc5 Rxd1+ 20.Nxd1 b5 21.Bd3 Qc7 22.Bb2 Bxc5+ 23.Nf2 Rd8
24.Rd1 h5 25.Bb1 Rxd1+ 26.Qxd1 h4 27.Qd2 hxg3 28.hxg3 Nc6 29.Qf4 Nd4 30.Kg2 Nxb3
31.Nfg4 Nxg4 32.Qxg4 Bd4 33.Bxd4 Nxd4 34.Qh5 Bc6 35.Nd3 Be8 36.Qe5 Qxe5 37.Nxe5 f6
38.Nd3 Kf7 39.Kf2 e5 40.Ke3 Ke7 41.f4 Kd6 42.fxe5+ fxe5 43.Kd2 Bf7 44.Nf2 Bc4
45.Bd3 Kc5 46.Ke3 Nc6  0-1

[Event "Smolensk"]
[Site "Smolensk"]
[Date "1986.??.??"]
[Round "?"]
[White "Sherbakov, Vitaly S"]
[Black "Kholmov, Ratmir D"]
[Result "0-1"]
[WhiteElo "2250"]
[BlackElo "2440"]

1.d4 Nf6 2.c4 e6 3.Nf3 Bb4+ 4.Bd2 Bxd2+ 5.Qxd2 b6 6.Nc3 Bb7 7.d5 O-O 8.e4 exd5
9.exd5 c5 10.Be2 d6 11.O-O a6 12.a3 Re8 13.b4 Nbd7 14.Rfb1 Qc7 15.Rb3 Nf8
16.bxc5 bxc5 17.Rab1 Bc8 18.Bd3 Bg4 19.Rb7 Qd8 20.Ng5 Bh5 21.h3 Re7 22.f4 h6
23.Nge4 Nxe4 24.Nxe4 Bg6 25.Ng3 Bxd3 26.Qxd3 Rxb7 27.Rxb7 Rb8 28.Rxb8 Qxb8
29.Nf5 Ng6 30.g3 Kf8 31.Qe4 Qc7 32.Kf2 Ne7 33.Ne3 Qb7 34.Qc2 h5 35.Kf3 Qc8
36.g4 hxg4+ 37.hxg4 Kg8 38.f5 Qd8 39.Qe4 Kf8 40.g5 Qd7 41.Qf4 Ke8 42.Kg3 g6
43.f6 Nc8 44.Qh4 Kd8 45.Kf3 Nb6 46.Qh2 Kc7 47.Qf4 Qh3+ 48.Qg3 Qh1+ 49.Qg2 Qc1
50.Qa2 Nd7 51.Qb3 Ne5+ 52.Ke2 Qh1 53.Qc3 Qh5+ 54.Kd2 Qxg5 55.Qa5+ Kd7 56.Qxa6 Qxf6
57.Qb7+ Kd8 58.Qb3 Ke7 59.a4 Qf2+ 60.Kd1 f5 61.a5 f4  0-1

[Event "Sochi"]
[Site "Sochi"]
[Date "1986.??.??"]
[Round "1"]
[White "Razuvaev, Yuri S"]
[Black "Garcia Gonzales, Guillermo"]
[Result "1/2-1/2"]
[WhiteElo "2535"]
[BlackElo "2500"]

1.d4 Nf6 2.Nf3 e6 3.c4 Bb4+ 4.Bd2 a5 5.g3 b6 6.Bg2 Bb7 7.O-O O-O 8.Bf4 Be7
9.Nc3 Ne4 10.Qc2 Nxc3 11.bxc3 Qc8 12.h4 f5 13.d5 exd5 14.Nd4 dxc4 15.Nxf5 Rf7
16.e4 Bf8 17.Rfe1 Na6 18.Ne3 b5 19.Nd5 Nc5 20.Bf1 Bxd5 21.exd5 Rxf4 22.gxf4 Qd8
23.Re3 Qxh4 24.Qf5 g6 25.Qg5 Qxg5+ 26.fxg5 Na4 27.Rb1 Bc5 28.Rf3 c6 29.Bh3 Nb6
30.dxc6 dxc6 31.Rf6 Na4 32.Rxc6 Nxc3 33.Re1 Bf8 34.Rc7 Rd8 35.Be6+ Kh8 36.Rb7 Bc5
37.Bd7 Nd1 38.Kg2 Nxf2 39.Bxb5 Nd3 40.Re4 c3 41.Rc4 a4 42.Bxa4 Nb2 43.Rxc3 Nxa4
44.Rc4 Ra8 45.Rc7 Kg8 46.Kf3 Rd8 47.R4xc5 Rd3+ 48.Kg4 Nxc5  1/2-1/2

[Event "Sochi"]
[Site "Sochi"]
[Date "1986.??.??"]
[Round "10"]
[White "Gligoric, Svetozar"]
[Black "Garcia Gonzales, Guillermo"]
[Result "1/2-1/2"]
[WhiteElo "2520"]
[BlackElo "2500"]

1.d4 Nf6 2.c4 e6 3.Nf3 Bb4+ 4.Bd2 a5 5.g3 b6 6.Bg2 Bb7 7.O-O O-O 8.Bg5 Be7
9.Nc3 Ne4 10.Bxe7 Qxe7 11.Rc1 d6 12.d5 Nxc3 13.Rxc3 e5 14.e4 Na6 15.Nh4 Bc8
16.Qe1 g5 17.Nf3 Kh8 18.Qe3 Rg8 19.Ne1 Nc5 20.f4 gxf4 21.gxf4 f6 22.Kh1 Bd7
23.f5  1/2-1/2

[Event "Sochi"]
[Site "Sochi"]
[Date "1986.??.??"]
[Round "14"]
[White "Gligoric, Svetozar"]
[Black "Tal, Mihail"]
[Result "1/2-1/2"]
[WhiteElo "2520"]
[BlackElo "2600"]

1.d4 Nf6 2.c4 e6 3.Nf3 Bb4+ 4.Bd2 c5 5.g3 b6 6.Bg2 Bb7 7.Bxb4 cxb4 8.a3 Qe7
9.O-O O-O 10.Nbd2 Rc8 11.Re1 bxa3 12.Rxa3 d5 13.cxd5 Nxd5 14.Ne5 Nc6 15.Nxc6 Bxc6
16.e4 Nb4 17.Rc3 Na2 18.Ra3 Nb4  1/2-1/2